[Event "AUT-chT 9495"]
[Site "Austria"]
[Date "1995.??.??"]
[Round "?"]
[White "Felsberger, Alfred"]
[Black "Mohr, Georg"]
[Result "0-1"]
[WhiteElo "2395"]
[BlackElo "2430"]
[PlyCount "84"]
[EventDate "1994.??.??"]
[Source "ChessBase"]

1. e4 c5 2. Nf3 d6 3. d4 cxd4 4. Nxd4 Nf6 5. Nc3 g6 6. f4 Nc6 7. Nf3 Bg7 8. Bc4 O-O 9. O-O Bg4 10. h3 Bxf3 11. Qxf3 Rc8 12. Bd3 Nd7 13. Kh1 Nb4 14. Bd2 Nc5 15. Rad1 Qd7 16. f5 Ncxd3 17. cxd3 d5 18. a3 d4 19. Ne2 Nc6 20. Qg3 Ne5 21. Nf4 Rc2 22. Nd5 Re8 23. Bg5 f6 24. Bf4 e6 25. Bxe5 exd5 26. Bxd4 Qa4 27. b4 dxe4 28. dxe4 Rxe4 29. fxg6 Qc6 30. gxh7+ Kxh7 31. Rf2 Rxf2 32. Qxf2 a6 33. Rb1 Re6 34. Qf5+ Kg8 35. Bb2 Re2 36. Qg6 Rxb2 37. Rd1 Qc8 38. Re1 Kf8 39. Qe4 Rc2 40. Qe7+ Kg8 41. Re3 Rc1+ 42. Kh2 Qc7+ 0-1

[Event "Stork Young Masters"]
[Site "Hengelo"]
[Date "2002.08.05"]
[Round "1"]
[White "L'Ami, Erwin"]
[Black "Asauskas, Henrikas"]
[Result "1/2-1/2"]
[WhiteElo "2438"]
[BlackElo "2384"]
[PlyCount "129"]
[EventDate "2002.08.05"]
[Source "ChessBase"]
[SourceDate "2002.09.11"]

1. e4 c5 2. Nf3 d6 3. d4 cxd4 4. Nxd4 Nf6 5. Nc3 g6 6. f4 Nc6 7. Nxc6 bxc6 8. e5 Nd7 9. exd6 exd6 10. Qd4 Nf6 11. Be3 Be7 12. O-O-O O-O 13. g3 Bg4 14. Be2 Bxe2 15. Nxe2 Nd5 16. Bf2 Bf6 17. Qc4 Rb8 18. c3 Re8 19. Rhe1 Ne3 20. Bxe3 Rxe3 21. Qxc6 Qa5 22. Qxd6 Rb6 23. Qd5 Rb5 24. Qc4 Rc5 25. Qb3 Qa6 26. Rd7 Be7 27. Kd1 Kg7 28. Rd2 Qc6 29. Kc1 Bf6 30. Red1 Rb5 31. Qa4 Bxc3 32. Nxc3 Rxc3+ 33. Kb1 Rc4 34. Qa3 Rbc5 35. b3 Qe4+ 36. Ka1 Rc2 37. Rxc2 Rxc2 38. Qd6 Qg2 39. Qe5+ f6 40. Qe7+ Kh6 41. Qf8+ Kh5 42. Qa3 Qe2 43. Rc1 Qxh2 44. Rxc2 Qxc2 45. b4 Kg4 46. Qe3 h5 47. b5 Qc4 48. a3 Qxb5 49. Qxa7 Qf1+ 50. Kb2 Kxg3 51. a4 h4 52. a5 h3 53. Qe3+ Kh4 54. Qd4 h2 55. Qxf6+ Kh3 56. Qe6+ Kh4 57. Qf6+ Kh3 58. Qe6+ Kg2 59. Qxg6+ Kf2 60. Qb6+ Ke1 61. Qb4+ Ke2 62. Qb5+ Kf2 63. Qb6+ Kf3 64. Qc6+ Ke3 65. Qc5+ 1/2-1/2

[Event "21. Open"]
[Site "?"]
[Date "2005.02.16"]
[Round "6"]
[White "Fedorchuk Sergey A"]
[Black "Montheard Xavier"]
[Result "1/2-1/2"]
[WhiteElo "2570"]
[BlackElo "2247"]
[PlyCount "70"]
[EventDate "2005.??.??"]
[Source "www.chesslib.no"]
[SourceDate "2004.05.04"]

1. e4 c5 2. Nf3 d6 3. d4 cxd4 4. Nxd4 Nf6 5. Nc3 g6 6. f4 Nc6 7. Nf3 Bg7 8. Bd3 O-O 9. O-O Bg4 10. Qe1 Bxf3 11. Rxf3 Rc8 12. Qh4 e6 13. Rh3 h5 14. Rf3 Ng4 15. Qg3 Nb4 16. h3 Nxd3 17. cxd3 Qb6+ 18. Kh1 Rxc3 19. hxg4 hxg4 20. Qxg4 Rc5 21. Rh3 Rfc8 22. Be3 Qxb2 23. Rf1 Ra5 24. f5 exf5 25. exf5 Rxf5 26. Rxf5 gxf5 27. Qh4 Qa1+ 28. Kh2 Be5+ 29. Bf4 Bxf4+ 30. Qxf4 Qe5 31. Rg3+ Kf8 32. Qg5 Qh8+ 33. Kg1 Qa1+ 34. Kh2 Qh8+ 35. Kg1 Qa1+ 1/2-1/2